000 00829nam a2200265 4500
008
020 _a0198513518 (hbk.)
049 0 _aMAIN
050 0 _aQD381.8 CUL
100 1 _aCullis, C. F.
245 1 4 _aThe combustion of organic polymers /
_cby C.F. Cullis and M.M. Hirschler.
260 _aOxford :
_bClarendon Press,
_c1981.
300 _ax, 419 p. :
_bill. ;
_c24 cm.
490 1 _aInternational series of monographs on chemistry.
504 _aIncludes bibliographical references.
500 _aIncludes indexes.
650 0 _aPolymers
_xCombustion.
700 1 _aHirschler, M. M.
830 0 _aInternational series of monographs on chemistry.
907 _a.b10234652
_b22-02-07
_c22-02-07
003
005 20230123134410.0
040 _cNUST
942 _cBOOKS
999 _c165228
_d165228